000 00484 a2200169 4500
003 OSt
005 20240111144250.0
008 240111b |||||||| |||| 00| 0 eng d
020 _a9789382581123
040 _coclc
082 _a297
_bPAR/P
100 _aParali, Kabeer M
_910255
245 _aPravachaka Swalath Arthavum Reethiyum /
_cKabeer M Parali
260 _aKerala:
_bDa'wa books,
_c2012.
300 _a59p
942 _2ddc
_cBK
_h297
_iPAR/P
_k297
_mPAR/P
999 _c43127
_d43127